00471nam a22001691a 45000010005000000030004000050050017000090080041000260200015000670500018000820820018001001000025001182450055001432640027001983000011002256500065002362756OSt20260204211825.0040324s1993||||mx ||||||b||||||||||spa|| a9701001982 a658.562 B232c a658.562 B232c aBarbosa Cano, Erasmo aCalidad total para reuniones / Erasmo Barbosa Cano aMéxico : McGraw-Hill a187 p. a1.Control de Calidad 2.Calidad Total 3.AdministraciónÌ